01257nam a2200289 a 450000100060000000300080000600500170001400800410003102000150007203500190008704000350010604100080014108200240014924502550017326000490042830000330047749000630051050000220057365000370059565000330063265000320066565000300069770000360072771000700076371100540083383000800088771698BD-RjUL20211209082141.0170507s1981 enkab 100 0 eng d a0851868452 a(BD-RjUL)71914 aBD-RjULbengcBD-RjULdBD-RjUL aeng a531.6223bENE 198100aEnergy and chemistry :bthe proceedings of a symposium organised by the Industrial Division of the Royal Society of Chemistry as part of the Annual Chemical Congress, 1981, University of Surrey, Guildford, April 7th-9th, 1981 /cedited by R. Thompson aLondon :bRoyal Society of Chemistry,cc1981 aviii, 359 p :bill. ;c21 cm1 aSpecial publication / Royal Society of Chemistry ;vno. 41 aConference papers 0aChemical engineeringvCongresses 0aForce and energyxCongresses 0aPower resourcesxCongresses 0aPower-plantsxCongresses.1 aThompson, R.q(Raymond),d1925-2 aRoyal Society of Chemistry (Great Britain).bIndustrial Division.0 aChemical Congressd(1981 :cUniversity of Surrey) 0aSpecial publication (Royal Society of Chemistry (Great Britain)) ;vno. 41.